Normal view
MARC view
- الاندلس- رحلات
Entry Topical Term
001 - CONTROL NUMBER
- control field: 38306
003 - CONTROL NUMBER IDENTIFIER
- control field: JO-AjAnu
005 - DATE AND TIME OF LATEST TRANSACTION
- control field: 20230606080359.0
008 - FIXED-LENGTH DATA ELEMENTS
- fixed length control field: 230606|| aca||aabn | a|a d
040 ## - CATALOGING SOURCE
- Original cataloging agency: JO-AjAnu
- Transcribing agency: JO-AjAnu
150 ## - HEADING--TOPICAL TERM
- Topical term or geographic name entry element: الاندلس- رحلات
670 ## - SOURCE DATA FOUND
- Source citation: Work cat.: (JO-AjAnu)19650: بقلم وريشة فروخ، مصطفى؛ تقديم خوري، عمر, author 38305, رحلة الى بلاد المجد المفقود